Historia de la conquista de Mexico, población, y progresos ... (Record no. 164426)

MARC details
000 -LEADER
campo de control de longitud fija 00906nam a2200229 i 4500
001 - NÚMERO DE CONTROL
campo de control 164426
003 - IDENTIFICADOR DE NÚMERO DE CONTROL
campo de control ES-MaACL
005 - FECHA Y HORA DE LA ÚLTIMA TRANSACCIÓN
campo de control 20230906212932.0
008 - DATOS DE LONGITUD FIJA--INFORMACIÓN GENERAL
campo de control de longitud fija 931025s1786 sp |||| | spa d
100 1# - ENTRADA PRINCIPAL--NOMBRE DE PERSONA
Nombre de persona Salazar y Olarte, Ignacio de.
9 (RLIN) 101833
245 10 - MENCIÓN DEL TÍTULO
Título Historia de la conquista de Mexico, población, y progresos ...
Resto del título : segunda parte /
Mención de responsabilidad, etc. escribiala don Ignacio de Salazar y Olarte...
250 ## - MENCION DE EDICION
Mención de edición Segunda edicion.
260 ## - PUBLICACIÓN, DISTRIBUCIÓN, ETC.
Lugar de publicación, distribución, etc. En Madrid :
Nombre del editor, distribuidor, etc. en la Imprenta de Benito Cano,
Fecha de publicación, distribución, etc. 1786.
300 ## - DESCRIPCIÓN FÍSICA
Extensión [36], 472 p. ;
Dimensiones Fol. (30 cm)
597 #1 - NOTA DE DESCRIPCIÓN FÍSICA
NOTA DE DESCRIPCIÓN FÍSICA Sign.: *\p4\s, a-c\p4\s, d\p2\s, A-Z\p4\s, 2A-2Z\p4\s, 3A-3N\p4\s.
597 #1 - NOTA DE DESCRIPCIÓN FÍSICA
NOTA DE DESCRIPCIÓN FÍSICA Texto a dos col.
650 #4 - PUNTO DE ACCESO ADICIONAL DE MATERIA--TÉRMINO DE MATERIA
Término de materia o nombre geográfico como elemento de entrada México-
Subdivisión general Historia-
Subdivisión cronológica 1517-1521, Descubrimiento y conquista.
9 (RLIN) 188142
700 11 - ENTRADA AGREGADA--NOMBRE PERSONAL
Nombre de persona Cano, Benito,
Término indicativo de función/relación
9 (RLIN) 126313
752 ## - ENTRADA AGREGADA--NOMBRE JERÁRQUICO DEL LUGAR
País o entidad superior España -
Ciudad Madrid
852 ## - LOCALIZACIÓN
Ubicación ES-MaACL
Número de control de estantería R-137
Nota libre -- Enc. pasta
Signatura antigua -- Olim: B-11464
Holdings
Estatus retirado Estado de pérdida Estado de daño No para préstamo Colección Biblioteca de origen Biblioteca actual Ubicación en estantería Fecha de adquisición Fuente de adquisición Total de préstamos Signatura topográfica completa Código de barras Visto por última vez Precio de reemplazo Tipo de ítem Koha
        Libros del s. XVIII Biblioteca del Ateneo de Madrid Biblioteca del Ateneo de Madrid Depósito 17/01/2008     R-137 1172348 23/02/2023 23/02/2023 Libro impreso antiguo